| 000 | 00604nam a2200217Ia 4500 | ||
|---|---|---|---|
| 005 | 20241129111332.0 | ||
| 008 | 241129s9999||||xx |||||||||||||| ||und|| | ||
| 020 | _a978-977-6840-55-3 | ||
| 037 | _aTB | ||
| 040 |
_aCRL _beng _cCRL |
||
| 041 |
_aara _2ara |
||
| 084 |
_aT:3(P28) 28R2 _qCRL |
||
| 100 |
_aKareem Ramzan Abdul Au. _9724115 |
||
| 245 | 0 |
_aDarasat fi taleem al-lughat al-arbia lilnataqeen bagheerha _cKareem Ramzan Abdul Au. |
|
| 260 | _c2022 | ||
| 300 | _a176p. | ||
| 365 |
_aINR _b1620 |
||
| 650 | _aEducation | ||
| 942 |
_cTB _hT:3(P28) 28R2 |
||
| 999 |
_c1229978 _d1229978 |
||